Tránsito de avenidas en canales naturales

Guardat en:
Dades bibliogràfiques
Autor principal: Gazel Alvarado, Ivan José
Format: Llibre
Publicat: [San José , Costa Rica] 1986
Matèries:
Etiquetes: Afegir etiqueta
Sense etiquetes, Sigues el primer a etiquetar aquest registre!

MARC

LEADER 00000nam a2200000Ia 4500
003 004064
005 20221231144357.0
008 140114s1986 cr a m 000 ||s d
040 |c cru CEDI 
090 |a TFG 1822 
100 |a Gazel Alvarado, Ivan José  |9 14267 
245 |a Tránsito de avenidas en canales naturales 
260 |c 1986  |a [San José , Costa Rica] 
300 |a  xii, [111] hojas : ilustraciones (1 plegables) ; 28 cm  
500 |a  Tesis (licenciatura en ingenieria civil)--Universidad de Costa Rica. Escuela de Ingenieria Civil 
650 |x CANALES   |x INGENIERIA HIDRAULICA - COSTA RICA  |9 14268 
942 |c TFG  |2 ddc 
999 |c 20967  |d 20967